| Tag |
First Indicator |
Second Indicator |
Subfields |
| LEADER |
00000cam a2200000 i 4500 |
| 001 |
in00003961421 |
| 005 |
20180501142529.0 |
| 008 |
170724t20172017coua b 001 0 eng c |
| 010 |
|
|
|a 2017034927
|
| 020 |
|
|
|a 9781607327677
|q paperback
|
| 020 |
|
|
|a 1607327678
|q paperback
|
| 020 |
|
|
|z 9781607327684
|q electronic book
|
| 035 |
|
|
|a (OCoLC)on1000385751
|
| 040 |
|
|
|a DLC
|e rda
|c DLC
|d UtOrBLW
|
| 049 |
|
|
|a TXAM
|
| 050 |
0 |
0 |
|a PN145
|b .M4857 2017
|
| 082 |
0 |
0 |
|a 808.02
|2 23
|
| 100 |
1 |
|
|a Micciche, Laura R.,
|e author.
|0 http://id.loc.gov/authorities/names/n2003037936
|
| 245 |
1 |
0 |
|a Acknowledging writing partners /
|c by Laura R. Micciche.
|
| 264 |
|
1 |
|a Fort Collins, Colorado :
|b WAC Clearinghouse ;
|a Boulder, Colorado :
|b University Press of Colorado,
|c [2017]
|
| 264 |
|
4 |
|c ©2017
|
| 300 |
|
|
|a xi, 148 pages :
|b illustrations ;
|c 23 cm.
|
| 336 |
|
|
|a text
|b txt
|2 rdacontent
|
| 337 |
|
|
|a unmediated
|b n
|2 rdamedia
|
| 338 |
|
|
|a volume
|b nc
|2 rdacarrier
|
| 490 |
1 |
|
|a Perspectives On Writing
|
| 504 |
|
|
|a Includes bibliographical references and index.
|
| 505 |
0 |
|
|a Acknowledging communal composing -- Acknowledging good feelings -- Acknowledging time -- Acknowledging animal companions.
|
| 520 |
|
|
|a Micciche treats written acknowledgements as a lens to view writing as indebted partnerships. She argues that writing activities are frequently mediated by the presence of human and non-human others. She examines acknowledgements in academic books for what they can reveal about an immersive activity involving complex collaborations.
|
| 650 |
|
0 |
|a Authorship
|x Collaboration.
|0 http://id.loc.gov/authorities/subjects/sh85010032
|
| 650 |
|
0 |
|a Authorship
|x Social aspects.
|
| 650 |
|
0 |
|a Paratext.
|0 http://id.loc.gov/authorities/subjects/sh2006003881
|
| 650 |
|
0 |
|a Academic writing.
|0 http://id.loc.gov/authorities/subjects/sh93009381
|
| 650 |
|
0 |
|a Gratitude.
|0 http://id.loc.gov/authorities/subjects/sh85056538
|
| 830 |
|
0 |
|a Perspectives on writing (Fort Collins, Colo.)
|0 http://id.loc.gov/authorities/names/no2010051221
|
| 945 |
|
|
|b 447742
|
| 947 |
|
|
|a A14850283236
|
| 948 |
|
|
|a cataloged
|b h
|c 2018/3/5
|d c
|e dmitchel
|f 11:30:20 am
|
| 994 |
|
|
|a 92
|b TXA
|
| 999 |
f |
f |
|s c0454f31-238b-334a-88cd-16fa74190e74
|i 0fab59d8-4cb4-3475-b755-aa580dde3bb4
|t 0
|
| 952 |
f |
f |
|p normal
|a Texas A&M University
|b College Station
|c Sterling C. Evans Library
|d Evans: Library Stacks
|t 0
|e PN145 .M4857 2017
|h Library of Congress classification
|i unmediated -- volume
|m A14850283236
|
| 998 |
f |
f |
|a PN145 .M4857 2017
|t 0
|l Evans: Library Stacks
|